000 00636nam a22002177a 4500
001 00028799
005 20260416144928.0
008 260416b ag ||||| |||| 00| 0 spa d
020 _a9789504945567
040 _aAR-CcCEOS
_bspa
_cAR-CcCEOS
041 _aspa
080 _a860-94(82)
090 _bMER
100 1 _aMercado, Silvia D.,
_d1959-
_91068
245 _aEl relato peronista :
_bporque la única verdad no siempre es la realidad /
_cSilvia D. Mercado
250 _a2ª ed.
260 _aBuenos Aires :
_bPlaneta,
_c2015.
300 _a320 p. ;
_c23x15 cm.
655 0 _apolítica argentina
_9683
942 _2udc
_cBK
_n0
999 _c28835
_d28835